| 000 | 00734nam a2200193 a 4500 | ||
|---|---|---|---|
| 005 | 20250524063828.0 | ||
| 008 | 991125s1958 ea 000 0 spa u | ||
| 035 | _aUPN01000019464 | ||
| 049 | _aF | ||
| 050 | 4 |
_aLA422 _bU5.3 |
|
| 110 | 2 |
_aUNESCO. _bSeminario Interamericano sobre Planeamiento Integral de la Educación |
|
| 245 | 1 | 4 |
_aLas encuestas en el planeamiento : _btema 2.6 de la agenda / _cUNESCO, Seminario Interamericano sobre Planeamiento Integral de la Educación. |
| 260 |
_aWashington, D. C. : _bUnión Panamericana, _c1958. |
||
| 300 | _a9 p. | ||
| 520 | _a"Doc. 8 (español) 30 enero 1958 original : español" | ||
| 650 | 4 |
_aEducación _vEstadística _97284 |
|
| 650 | 4 |
_aEncuestas educativas _913849 |
|
| 905 | _aLibro | ||
| 999 |
_c19464 _d19464 |
||